La jerarquía de la Iglesia en Indias: el Episcopado americano: 1500-1850

Kaydedildi:
Detaylı Bibliyografya
Yazar: Castañeda Delgado, Paulino (Yazar)
Diğer Yazarlar: Marchena Fernández, Juan (autor)
Materyal Türü: Kitap
Dil:İspanyolca
Baskı/Yayın Bilgisi: Madrid MAPFRE 1992
Konular:
Etiketler: Etiketle
Etiket eklenmemiş, İlk siz ekleyin!

MARC

LEADER 00000nam a2200000 a 4500
001 UCX6618
003 CL-VaPUC
008 930730e19920000SP |||||||||||||||||spa|d
082 0 4 |a 282.8  |b CAS  |2 21 
100 0 |a Castañeda Delgado, Paulino  |e author  |9 323206 
700 |a Marchena Fernández, Juan  |e autor  |9 323207 
245 1 3 |a La jerarquía de la Iglesia en Indias: el Episcopado americano: 1500-1850 
300 |a 286 p 
942 |c BK 
945 |d 19930730 00:00:00 
260 |a Madrid  |b MAPFRE  |c 1992 
650 0 |a Clero  |9 257091 
650 7 |a HISTORIA DE LA IGLESIA SIGLOS 16 - 20  |2 CL-VaPUC  |9 323208 
650 0 |a Iglesia Católica  |9 256114 
651 0 |a América Latina   |9 255027 
583 |a last modification  |c 20180423 11:53:07  |k Rodrigo Vera 
999 |c 226613  |d 226611 
952 |0 0  |1 0  |4 0  |6 282_800000000000000_CAS_1992  |7 0  |8 A  |9 225116  |a BIBHIS  |b BIBHIS  |d 2019-11-15  |i 2938146  |o 282.8 CAS 1992  |p 2938146  |r 2025-01-20  |w 2019-11-15  |y BK  |k HIS